| 000 | 01119nam a2200313 i 4500 | ||
|---|---|---|---|
| 001 | 200462796 | ||
| 003 | TR-AnTOB | ||
| 005 | 20241022160749.0 | ||
| 007 | ta | ||
| 008 | 241016s2024 tu |||| |||| 00| 0 tur d | ||
| 020 | _a9786257325462 | ||
| 040 |
_aTR-AnTOB _beng _erda _cTR-AnTOB |
||
| 041 | 0 | _atur | |
| 050 | 1 | 4 |
_aBP189.7.B4 _bA9353r 2023 |
| 090 |
_aBP189.7.B4 _bA9353r 2023 |
||
| 100 |
_aAydın, Ayhan, _d1970- _eauthor _9101930 |
||
| 245 | 1 | 0 |
_aBalkanlar'da Alevilik-Bektaşilik araştırmaları: _bRumeli’de Çerağlar hala yanıyor mu? (inanç, kültür, coğrafya: geziler, olgular, söyleşiler) (Makedonya / Arnavutluk, Kosova, Romanya, Bosna-Hersek, Avusturya) / _cAyhan Aydın. |
| 250 | _a1. basım Temmuz 2024 | ||
| 264 | 1 |
_aİstanbul : _bDemos Yayınları, _c2024. |
|
| 300 |
_a840 pages ; _c23 cm |
||
| 336 |
_atext _btxt _2rdacontent |
||
| 337 |
_aunmediated _bn _2rdamedia |
||
| 338 |
_avolume _bnc _2rdacarrier |
||
| 650 | 0 |
_aBektaşi _944578 |
|
| 650 | 7 |
_aİslam mezhepleri _2etuturkob _910440 |
|
| 650 | 7 |
_aAleviler _xTarih _2etuturkob _9141147 |
|
| 942 |
_2lcc _cBK |
||
| 999 |
_c200462796 _d81008 |
||